Thơ đi sứ của Nguyễn Trung Ngạn

Thân thế và sự nghiệp của Nguyễn Trung Ngạn...Thơ đi sứ của Nguyễn Trung Ngạn - một bức tranh thiên nhiên đẹp...Thơ đi sứ của Nguyễn Trung Ngạn - những giá trị được thể hiện...

Đã lưu trong:
Sonraí Bibleagrafaíochta
Príomhúdar: Trần, Thái Ngọc
Údair Eile: Nguyễn, Hoàng Thân Người hướng dẫn (GVC.ThS)
Formáid: Leabhar
Teanga:Vietnamese
Foilsithe: Đại học Sư Phạm Đại học Đà Nẵng 2011
Ábhair:
Clibeanna: Cuir Clib Leis
Gan Chlibeanna, Bí ar an gcéad duine leis an taifead seo a chlibeáil!
Thư viện lưu trữ: Mạng thư viện Đại học Đà Nẵng
LEADER 01407nam a2200325 4500
001 000011200
003 7433
005 20120202140209.0
008 120202s2011 viesd
041 |a vie 
072 |a Khóa luận tốt nghiệp - Cử nhân văn học 
082 |a 895.9221  |b TR-N 
100 1 |a Trần, Thái Ngọc 
245 1 |a Thơ đi sứ của Nguyễn Trung Ngạn  |c Trần, Thái Ngọc 
260 |a Đại học Sư Phạm  |b Đại học Đà Nẵng  |c 2011 
300 |a 70 tr.  |c 29 cm. 
500 |a Khóa luận tốt nghiệp 
520 |a Thân thế và sự nghiệp của Nguyễn Trung Ngạn...Thơ đi sứ của Nguyễn Trung Ngạn - một bức tranh thiên nhiên đẹp...Thơ đi sứ của Nguyễn Trung Ngạn - những giá trị được thể hiện... 
653 |a Nguyễn Trung Ngạn  |a Thơ đi sứ 
700 |a Nguyễn, Hoàng Thân  |c Người hướng dẫn  |e GVC.ThS 
OWN |a LSP 
AVA |a UDN50  |b LSP  |d 895.9221 TR-N  |e available  |t Error 5001 Not defined in file expand_doc_bib_avail.  |f 1  |g 0  |h N  |i 0  |k 1 
999 |a From the UDN01 
AVA |a UDN50  |b LSP  |d 895.9221 TR-N  |e available  |t Error 5001 Not defined in file expand_doc_bib_avail.  |f 1  |g 0  |h N  |i 0  |k 1 
TYP |a Monograph 
TYP |a Printed language 
980 |a Mạng thư viện Đại học Đà Nẵng